000 00542nam a22001937a 4500
003 OSt
005 20140310181751.0
008 130627t xxu||||| |||| 00| 0 eng d
020 _a9716490585
050 _aQD 5
_b.B149 1995
082 _aFIL 540
_bBa14 1995
100 _aBaguio, Sol Saranay M.
245 _aChemistry and technology /
_cSol Saranay M. Baguio,
260 _aQuezon City, Philippines :
_bMarren Pub.,House,
_c1995.
300 _a268 p. :
_bill. ;
_c25 cm.
650 _aChemistry
942 _2lcc
_cBK
999 _c3240
_d3240